<?xml version="1.0" encoding="UTF-8"?>
<collection xmlns="http://www.loc.gov/MARC21/slim">
 <record>
  <leader>01371nam a2200205Ia 4500</leader>
  <controlfield tag="001">TDMU_28662</controlfield>
  <controlfield tag="008">210410s9999    xx            000 0 und d</controlfield>
  <datafield tag="082" ind1=" " ind2=" ">
   <subfield code="a">895.92209</subfield>
  </datafield>
  <datafield tag="090" ind1=" " ind2=" ">
   <subfield code="b">D561</subfield>
  </datafield>
  <datafield tag="100" ind1=" " ind2=" ">
   <subfield code="a">Dương Nguyên</subfield>
  </datafield>
  <datafield tag="245" ind1=" " ind2="0">
   <subfield code="a">Mùa hè đổi hướng</subfield>
  </datafield>
  <datafield tag="245" ind1=" " ind2="0">
   <subfield code="c">Dương Nguyên</subfield>
  </datafield>
  <datafield tag="260" ind1=" " ind2=" ">
   <subfield code="a">H.; Tp. Hồ Chí Minh</subfield>
  </datafield>
  <datafield tag="260" ind1=" " ind2=" ">
   <subfield code="b">Văn học; Công ty Văn hóa Văn Lang</subfield>
  </datafield>
  <datafield tag="260" ind1=" " ind2=" ">
   <subfield code="c">2016</subfield>
  </datafield>
  <datafield tag="300" ind1=" " ind2=" ">
   <subfield code="a">191tr.</subfield>
  </datafield>
  <datafield tag="520" ind1=" " ind2=" ">
   <subfield code="a">Mùa Hè Đổi Hướng kể về những người trẻ tham gia vào lãnh địa văn học mạng. Từ những bài viết trên một diễn đàn, họ gặp nhau ngoài đời thật. Những mối quan hệ về tình bạn, tình yêu cũng nảy sinh từ đây, tuy nhiên những hiếu thắng, bồng bột của tuổi trẻ đã khiến họ bước sang những ngã rẽ không như mình mong muốn. Người tìm cách trốn chạy khỏi quá khứ, người lại luôn mang trong mình nỗi day dứt khôn nguôi..</subfield>
  </datafield>
  <datafield tag="650" ind1=" " ind2=" ">
   <subfield code="a">Văn học hiện đại</subfield>
   <subfield code="v">Tiểu thuyết</subfield>
   <subfield code="z">Việt Nam; Văn học Việt Nam</subfield>
   <subfield code="v">Tiểu thuyết</subfield>
  </datafield>
  <datafield tag="856" ind1=" " ind2=" ">
   <subfield code="u">http://lrc.tdmu.edu.vn/opac/search/detail.asp?aID=2&amp;ID=28662</subfield>
  </datafield>
  <datafield tag="980" ind1=" " ind2=" ">
   <subfield code="a">Trung tâm Học liệu Trường Đại học Thủ Dầu Một</subfield>
  </datafield>
 </record>
</collection>
